Pasión a 24 cuadros por segundo = Sex at 24 Frames per Second /
Enregistré dans:
| Auteur principal: | |
|---|---|
| Autres auteurs: | , , , , , , , , , , |
| Format: | |
| Langue: | anglais |
| Publié: |
Los Angeles, EUA :
Twentieth Century Fox,
2003
|
| Sujets: | |
| Tags: |
Pas de tags, Soyez le premier à ajouter un tag!
|
MARC
| LEADER | 00000ngm^a2200000^a^4500 | ||
|---|---|---|---|
| 001 | 000171382 | ||
| 005 | 20250521000000.0 | ||
| 009 | 20260310101341.674 | ||
| 037 | |a Acervo ITESO - Biblioteca | ||
| 041 | |a ING | ||
| 082 | |a 302. 2353200973 |b BUR | ||
| 100 | |a Burns, Kevin |e (realización) | ||
| 245 | 1 | 0 | |a Pasión a 24 cuadros por segundo = |b Sex at 24 Frames per Second / |c Realización de K. Burns, S. Smith. |
| 264 | 1 | |a Los Angeles, EUA : |b Twentieth Century Fox, |c 2003 | |
| 264 | 2 | |a México : |b Zima Entertainment [distribución], |c copyright fecha no identificada | |
| 300 | |a 1 DVD regiones 1 y 4 |c (98 min.) | ||
| 336 | |a imagen móvil bidimensional |b tdi |2 rdacontenido | ||
| 337 | |a video |b v |2 rdamedio | ||
| 338 | |a videodisco |b vd |2 rdasoporte | ||
| 546 | |a En inglés, con subtítulos opcionales: español | ||
| 649 | |a XX | ||
| 650 | |a Voyeurismo | ||
| 650 | |a Educación Sexual - |z EUA | ||
| 650 | |a Educación No Formal e Informal - |z EUA | ||
| 650 | |a Erotismo en el Cine - |z EUA - |x Historia y Crítica | ||
| 650 | |a Películas Pornográficas - |z EUA - |x Historia y Crítica | ||
| 650 | |a Pornografía - |z EUA - |x Historia | ||
| 650 | |a Sexualidad en el Cine - |z EUA - |x Historia y Crítica - |x Tema Principal | ||
| 650 | |a Sexualidad - |z EUA | ||
| 650 | |a Prácticas Culturales - |z EUA | ||
| 650 | |a Cuerpo Humano en el Cine - |z EUA - |x Historia y Crítica | ||
| 650 | |a Cine Norteamericano - |x Historia y Crítica | ||
| 650 | |a Sociología de la Comunicación | ||
| 700 | |a Smith, Steven |e (realización) | ||
| 700 | |a Burns, Kevin |e (guión) | ||
| 700 | |a Smith, Steven |e (guión) | ||
| 700 | |a Bernstein, Steven |e (fotógrafo) | ||
| 700 | |a Bulatao, Ben |e (montaje) | ||
| 700 | |a Morgan, Scott B. |e (montaje) | ||
| 700 | |a Fricke, Sam |e (montaje) | ||
| 700 | |a Alan Ett Music Group |e (música) | ||
| 700 | |a Jenkins, Tom |e (música) | ||
| 700 | |a Many, Chris |e (música) | ||
| 700 | |a Snow, Brandy |e (conducción) | ||
| 910 | |a Fondo General | ||
| 920 | |a Audiovisuales - DVDs | ||
| 905 | |a 302 | ||
| 901 | |a 0500088326 |b IT2 |c DVS |u 20250521 | ||
| 902 | |a https://opac.biblio.iteso.mx/vufind/Record/000171382 | ||